<?xml version="1.0" encoding="UTF-8"?>
<marc:record xmlns:marc="http://www.loc.gov/MARC21/slim">
   <marc:leader>00000nam a2200000 a 4500</marc:leader>
   <marc:datafield ind1="1" ind2=" " tag="100">
      <marc:subfield code="a">Honeder, Britta</marc:subfield>
      <marc:subfield code="4">aut</marc:subfield>
      <marc:subfield code="e">Verfasser/-in</marc:subfield>
   </marc:datafield>
   <marc:datafield ind1="1" ind2=" " tag="100">
      <marc:subfield code="a">Walter, Lena</marc:subfield>
   </marc:datafield>
   <marc:datafield ind1="1" ind2=" " tag="100">
      <marc:subfield code="a">Holz, Ajana</marc:subfield>
   </marc:datafield>
   <marc:datafield ind1=" " ind2=" " tag="653">
      <marc:subfield code="a">Tod / Bilderbuch</marc:subfield>
   </marc:datafield>
   <marc:datafield ind1=" " ind2=" " tag="653">
      <marc:subfield code="a">Sterben</marc:subfield>
   </marc:datafield>
   <marc:datafield ind1=" " ind2=" " tag="653">
      <marc:subfield code="a">Sterben, Abschied, Leiche, Tod verstehen, Familien</marc:subfield>
   </marc:datafield>
   <marc:datafield ind1=" " ind2=" " tag="653">
      <marc:subfield code="a">Kinderfragen zum Tod, Kinderfragen zum Sterben</marc:subfield>
   </marc:datafield>
   <marc:datafield ind1=" " ind2=" " tag="653">
      <marc:subfield code="a">Beerdigung, Bestattung, Begräbnis, toter Körper, E</marc:subfield>
   </marc:datafield>
   <marc:datafield ind1=" " ind2=" " tag="653">
      <marc:subfield code="a">persönlicher Abschied, Grab, Kinderbuch, Bilderbuc</marc:subfield>
   </marc:datafield>
   <marc:datafield ind1="0" ind2="0" tag="245">
      <marc:subfield code="a">Ein hahnsinnig schöner Abschied</marc:subfield>
   </marc:datafield>
   <marc:datafield ind1="0" ind2="0" tag="245">
      <marc:subfield code="b">ein Kinderfachbuch zu Tod und Beerdigung</marc:subfield>
   </marc:datafield>
   <marc:datafield ind1="0" ind2="0" tag="245">
      <marc:subfield code="c">Britta Honeder. Lena Walter. Ajana Holz</marc:subfield>
   </marc:datafield>
   <marc:datafield ind1=" " ind2="1" tag="264">
      <marc:subfield code="a">Frankfurt am Main</marc:subfield>
      <marc:subfield code="b">Mabuse-Verlag</marc:subfield>
      <marc:subfield code="c">2024</marc:subfield>
   </marc:datafield>
   <marc:datafield ind1="1" ind2=" " tag="520">
      <marc:subfield code="a">Mit Kindern über den Tod sprechen: Ein Vorlesebuch ab 6 Jahre&lt;br/&gt;&lt;br/&gt;In der Hühnerschar herrscht große Bestürzung: Hahn Hilde (bei der Namensgebung war ein kleines Missverständnis passiert) ist in der Nacht gestorben! Britta versucht, wieder Ruhe in den Hühnerstall zu bringen und beantwortet geduldig alle Fragen zu Tod, Sterben und Beerdigung. Gemeinsam entscheiden sie und die Hühner, wie sie Hilde am besten verabschieden – jede und jeder auf seine eigene Weise!&lt;br/&gt;Der hahnsinnig schöne Abschied von Hilde bringt Kindern ab 6 Jahren ganz angstfrei das Thema Tod und Trauer näher.&lt;br/&gt;&lt;br/&gt;Ein Kinder-Sachbuch, das dem Tod seinen Schrecken und die Tabus nimmt&lt;br/&gt; Wie soll Hilde verabschiedet werden? Eine Tiergeschichte über individuelle Trauerbewältigung&lt;br/&gt;Das Kinderbuch zu Trauer und Bestattung, illustriert von Lena Walter&lt;br/&gt;Mit Fachteil von Britta Honeder und Ajana Holz&lt;br/&gt;Kindern den Tod erklären: Wo ist Hilde jetzt? Was sollen, dürfen oder können die anderen Hühner tun?</marc:subfield>
   </marc:datafield>
   <marc:datafield ind1=" " ind2=" " tag="020">
      <marc:subfield code="a">9783863216368</marc:subfield>
      <marc:subfield code="9">9783863216368</marc:subfield>
   </marc:datafield>
   <marc:datafield ind1=" " ind2=" " tag="041">
      <marc:subfield code="a">ger</marc:subfield>
   </marc:datafield>
   <marc:datafield ind1="1" ind2=" " tag="521">
      <marc:subfield code="a">0</marc:subfield>
   </marc:datafield>
   <marc:datafield ind1=" " ind2=" " tag="300">
      <marc:subfield code="a">63 Seiten</marc:subfield>
   </marc:datafield>
</marc:record>
